000 00294nam a2200109Ia 4500
008 200302s9999 xx 000 0 und d
100 _aTim Campbell
245 _aBeyond Smart Cities How Cities Network Learn and Innovate
260 _bEarthscan Publications Ltd.
260 _c2012
300 _a236
999 _c5260
_d5260